000 00671nam a2200289Ia 4500
005 20260324130830.0
008 008 260324s9999 xx 000 0 eng d
020 _a9781315760421
037 _aEBOOK
040 _aCRL
040 _beng
040 _cCRL
041 _2eng
041 _aeng
084 _qCRL
100 _aKate Sturge
_91183251
245 0 _aRepresenting Others
245 0 _bTranslation, Ethnography and Museum
260 _bTaylor and Francis
260 _c2007
365 _a
365 _b230
856 _uhttp://www.taylorfrancis.com/books/9781315760421
942 _cEBOOK
999 _c1779805
_d1779805